<?xml version="1.0" encoding="UTF-8"?>
<collection xmlns="http://www.loc.gov/MARC21/slim">
<record>
  <controlfield tag="001">110253</controlfield>
  <controlfield tag="005">20220210105259.0</controlfield>
  <datafield tag="037" ind1=" " ind2=" ">
    <subfield code="a">TAZ-TFG-2021-3250</subfield>
  </datafield>
  <datafield tag="041" ind1=" " ind2=" ">
    <subfield code="a">spa</subfield>
  </datafield>
  <datafield tag="100" ind1="1" ind2=" ">
    <subfield code="a">Ansó de Miguel, Carlos</subfield>
  </datafield>
  <datafield tag="242" ind1="0" ind2="0">
    <subfield code="a">The malice aforethought in the crime of murder. Apparent conflicts after the 2015 reform</subfield>
  </datafield>
  <datafield tag="245" ind1="0" ind2="0">
    <subfield code="a">La alevosía en el delito de asesinato. Aparentes conflictos tras la reforma de 2015</subfield>
  </datafield>
  <datafield tag="260" ind1=" " ind2=" ">
    <subfield code="a">Zaragoza</subfield>
    <subfield code="b">Universidad de Zaragoza</subfield>
    <subfield code="c">2021</subfield>
  </datafield>
  <datafield tag="506" ind1=" " ind2=" ">
    <subfield code="a">by-nc-sa</subfield>
    <subfield code="b">Creative Commons</subfield>
    <subfield code="c">3.0</subfield>
    <subfield code="u">http://creativecommons.org/licenses/by-nc-sa/3.0/</subfield>
  </datafield>
  <datafield tag="520" ind1=" " ind2=" ">
    <subfield code="a">Este trabajo está dedicado al estudio del delito de asesinato y concretamente a su modalidad alevosa. El objetivo es analizar el asesinato alevoso prestando especial atención a la forma en la que ha sido definido o transformado por las recientes modificaciones del CP. Se hará un análisis detallado, sobre todo desde una perspectiva jurisprudencial, no solamente de las características de la alevosía aplicada al delito de asesinato, sino también de todos aquellos factores que ponen en conflicto su significado y su aplicación. Concretamente, el trabajo se inicia con una serie de cuestiones previas, en las que se define el asesinato y la alevosía, para ponerlos en común y partir de esa base para desarrollar el contenido. Posteriormente, se procede a exponer las distintas clases de alevosía (planteando la polémica respecto de la alevosía sobrevenida) y su compatibilidad o incompatibilidad con circunstancias atenuantes o agravantes, de forma que sea posible comprender el alcance de la alevosía en el contexto normativo (se hace una comparación especialmente profunda con el abuso de superioridad, con el objetivo de identificar de forma precisa los límites que diferencian la conducta alevosa de la que no lo es). Por último, se cuestiona la efectividad y congruencia penal de la prisión permanente revisable y se plantean dos importantes polémicas: la aplicación del homicidio agravado respecto del asesinato alevoso y, sobre todo, la problemática apreciación del tipo hiperagravado de asesinato, con la posible violación del principio non bis in idem. En relación con la última cuestión planteada, se critica la falta de claridad del TS, que perjudica la seguridad jurídica.&lt;br /></subfield>
  </datafield>
  <datafield tag="521" ind1=" " ind2=" ">
    <subfield code="a">Graduado en Derecho</subfield>
  </datafield>
  <datafield tag="540" ind1=" " ind2=" ">
    <subfield code="a">Derechos regulados por licencia Creative Commons</subfield>
  </datafield>
  <datafield tag="700" ind1=" " ind2=" ">
    <subfield code="a">Escuchuri Aisa, Estrella</subfield>
    <subfield code="e">dir.</subfield>
  </datafield>
  <datafield tag="710" ind1="2" ind2=" ">
    <subfield code="a">Universidad de Zaragoza</subfield>
    <subfield code="b">Derecho Penal, Filosofía del Derecho e Historia del Derecho</subfield>
    <subfield code="c">Derecho Penal</subfield>
  </datafield>
  <datafield tag="856" ind1="0" ind2=" ">
    <subfield code="f">766658@unizar.es</subfield>
  </datafield>
  <datafield tag="856" ind1="4" ind2=" ">
    <subfield code="s">625616</subfield>
    <subfield code="u">http://zaguan.unizar.es/record/110253/files/TAZ-TFG-2021-3250.pdf</subfield>
    <subfield code="y">Memoria (spa)</subfield>
  </datafield>
  <datafield tag="909" ind1="C" ind2="O">
    <subfield code="o">oai:zaguan.unizar.es:110253</subfield>
    <subfield code="p">driver</subfield>
    <subfield code="p">trabajos-fin-grado</subfield>
  </datafield>
  <datafield tag="950" ind1=" " ind2=" ">
    <subfield code="a"></subfield>
  </datafield>
  <datafield tag="980" ind1=" " ind2=" ">
    <subfield code="a">TAZ</subfield>
    <subfield code="b">TFG</subfield>
    <subfield code="c">DER</subfield>
  </datafield>
  <datafield tag="999" ind1=" " ind2=" ">
    <subfield code="a">20210708183018.CREATION_DATE</subfield>
  </datafield>
  <datafield tag="951" ind1=" " ind2=" ">
    <subfield code="a">deposita:2022-02-10</subfield>
  </datafield>
</record>
</collection>